La educación humana del hombre : (Record no. 17629)

MARC details
000 -CABECERA
campo de control de longitud fija 00748nam a2200205 a 4500
005 - FECHA Y HORA DE LA ÚLTIMA TRANSACCIÓN
campo de control 20240702063841.0
008 - ELEMENTOS DE LONGITUD FIJA--INFORMACIÓN GENERAL
campo de control de longitud fija 991125s1977 es 000 0 spa u
020 ## - NÚMERO INTERNACIONAL NORMALIZADO PARA LIBROS
Número Internacional Estándar del Libro 8472224864
035 ## - NÚMERO DE CONTROL DEL SISTEMA
Número de control de sistema UPN01000017629
049 ## - COLECCIÓN
Colección CG
050 #4 - SIGNATURA TOPOGRÁFICA DE LA BIBLIOTECA DEL CONGRESO
Número de clasificación LA843.7
Número de documento/Ítem S9.38
100 1# - ASIENTO PRINCIPAL--NOMBRE PERSONAL
Nombre de persona Suchodolski, Bogdan,
Fechas asociadas al nombre 1907-1992
9 (RLIN) 31234
245 13 - MENCIÓN DE TÍTULO
Título La educación humana del hombre :
Resto del título de la filosofía del hombre y la civilización a los nuevos fundamentos pedagógicos de la época de las revoluciones /
Mención de responsabilidad, etc. Bogdan Suchodolski ; tr. Melitón Bustamante.
260 ## - PUBLICACIÓN, DISTRIBUCIÓN, ETC.
Lugar de publicación, distribución, etc. Barcelona, [Esp.] :
Nombre del editor, distribuidor, etc. Laia,
Fecha de publicación, distribución, etc. 1977.
300 ## - DESCRIPCIÓN FÍSICA
Extensión 534 p.
440 #0 - MENCIÓN DE SERIE/ASIENTO SECUNDARIO--TÍTULO
Título Papel 451.
Nombre de parte o sección de la obra Pedagogía ;
Designación de volumen o secuencia 38
650 #4 - ASIENTO SECUNDARIO DE MATERIA - TERMINO TEMATICO
Término de materia o nombre geográfico como elemento de entrada EDUCACION -
Subdivisión geográfica POLONIA
9 (RLIN) 15606
650 #4 - ASIENTO SECUNDARIO DE MATERIA - TERMINO TEMATICO
Término de materia o nombre geográfico como elemento de entrada Educación comunitaria
9 (RLIN) 13598
905 ## - TIPO DE MATERIAL
Tipo de material Libro
Holdings
Estado de retiro Estado de pérdida Fuente del sistema de clasificación o colocación Estado dañado No para préstamo Código de colección Localización permanente Ubicación/localización actual Ubicación en estantería Total de préstamos Clasificación Código de barras Fecha visto por última vez Número de copia Tipo de ítem Koha
    Library of Congress Classification     Colección General Bib. Gregorio Torres Quintero Bib. Gregorio Torres Quintero Planta baja   LA843.7 S9.38 52477 31/12/2020 1 Libro
    Library of Congress Classification     Colección General Bib. Gregorio Torres Quintero Bib. Gregorio Torres Quintero Planta baja 12 LA843.7 S9.38 216454 31/12/2020 1 Libro
    Library of Congress Classification     Colección General Bib. Gregorio Torres Quintero Bib. Gregorio Torres Quintero Planta baja 3 LA843.7 S9.38 36356 31/12/2020 1 Libro